Responses for show #3528 - Wednesday, December 29, 1999

Jack Archey game 1.

Contestants

[<< previous game]

Jack Archey, a C.P.A. and comedian from Los Angeles, California

Terri Jones, an auditor from Columbus, Ohio

Judith Martin Straw, a writer and bookseller from Santa Monica, California (whose 1-day cash winnings total $14,300)

[next game >>]

Jeopardy! Round responses

THE FRENCH & INDIAN WARS
(Alex: Seems like yesterday!)
FUNNY LADIES
CLOSE TO "HOME"
COLOMBIA
AT THE MOVIES
KING ME
(Alex: We'll give you the king, you identify the country.)
    $100 21
(Alex: It had been promised to Spain.)

New Orleans

Judith
    $100 1
Whoopi Goldberg

Jack
    $100 16
Home run

Jack
    $100 26
Blood

Terri
    $100 11
Chaplin

Terri
    $100 6
Italy

Judith
    $200 22
"The Last of the Mohicans"

Jack
    $200 2
Paula Poundstone

Jack
    $200 17
Home Improvement

Judith
    $200 27
Christopher Columbus

Triple Stumper
    $200 12
Bingo! (dog)

Judith
    $200 7
Norway

Jack
    $300 23
George Washington

Judith
    $300 3
Lucille Ball

Judith
    $300 18
(Alex: The "Jeopardy!" Kazoo Band obviously working overtime!)

"Home on the Range"

Judith
    $300 28
Bogota

Jack
    $300 13
As Good as it Gets

Terri
    $300 8
Belgium

Judith
    $400 24
Iroquois

Judith
    $400 4
Joan Rivers

Jack
    $400 19
Home Depot

Terri
    $300 29
Panama

Jack
    $400 14
Tess

Judith
    $400 9
Jordan

Jack
    $500 25
Carolina

Judith
    $500 5
Tracey Ullman

Jack
    $500 20
Home Box Office

Jack
    $500 30
Emeralds

Judith
    $500 15
Julia Roberts

Terri
    $500 10
Spain

Jack

Scores at the first commercial break (after clue 15):

Judith Terri Jack
$1,300 $900 $2,300

Scores at the end of the Jeopardy! Round:

Judith Terri Jack
$3,600 $1,400 $3,700

Double Jeopardy! Round responses

GRAND OL' OPERA
COLUMNISTS
NOVEL TRILOGIES
SMALL SCREEN ADDRESSES
(Alex: We want you to name the TV show that featured these addresses.)
TRAVEL U.S.A.
LITTLE-KNOWN ELEMENTS
(Alex: These are not real elements, these are just words that, and like so many elements, end in "-ium".)
    $200 1
"Carmen"

Jack
    $200 13
Computer industry

Judith
    $200 4
Henry VIII

Jack
    $200 2
The Andy Griffith Show

Judith
    $200 8
(Judith: What is the monorail?)

Jungle Cruise

JudithTerri
    $200 23
Podium

Jack
    $400 18
Madame Butterfly

Terri
    $400 14
Dave Barry

Jack
    $1,000 20
"Mutiny on the Bounty"

Judith
    $400 3
(T: What is "The Beverly Hillbillies?")
(Jack: What is "Baywatch?")

The Rockford Files

TerriJack
Triple Stumper
    $400 9
Conch shells

Judith
    $400 24
Gymnasium

Terri
    $600 19
Aida

Judith
    $600 15
"Dear Abby" (Abigail Van Buren) & Ann Landers

Judith
    $600 21
William Faulkner

Jack
    $600 5
The Munsters

Terri
    $600 10
Portland

Jack
    $600 25
(minute to go...)

Condominium

Jack
    $800 27
"The Ring of the Nibelung"

Judith
    $800 16
Mike Royko

Judith
    $800 22
(T: What is the Crimean War?)

World War II

Terri
Triple Stumper
    $800 6
Mork and Mindy

Jack
    $1,000 11
Washington

Jack
    $800 26
Geranium

Judith
    $1000 29
(Judith: What is "Il Trovatore?")

"La Traviata"

Judith
Triple Stumper
    $1000 17
Anna Quindlen

Judith
    $1000 28
Benjamin Disraeli

Triple Stumper
    $1000 7
The Dick Van Dyke Show

Jack
    $1000 12
Memphis

Jack
    $1000 30
Emporium

Jack

Scores at the end of the Double Jeopardy! Round:

Judith Terri Jack
$8,800 $1,800 $10,900

[wagering suggestions for these scores]

Final Jeopardy! Round responses

THE 1970s
TerriWhat are hurricanes?
$1,800
JudithWhat are hurricanes
$8,000
JackWhat were hurricanes?
$6,701
Hurricanes

Final scores:

Judith Terri Jack
$16,800 $3,600 $17,601
2nd place: Sony Home Entertainment System with Web TV 3rd place: Zenith 36" Stereo TV New champion: $17,601

Game dynamics:

Coryat scores:

Judith Terri Jack
$8,200 $1,800 $10,800
22 R
(including 1 DD),
2 W
9 R,
2 W
24 R
(including 2 DDs),
1 W

Combined Coryat: $20,800

The J! Archive is created by fans, for fans. The Jeopardy! game show and all elements thereof, including but not limited to copyright and trademark thereto, are the property of Jeopardy Productions, Inc. and are protected under law. This website is not affiliated with, sponsored by, or operated by Jeopardy Productions, Inc. Join the discussion at JBoard.tv.